00708nam a2200241Ia 4500003000400000005001700004008004100021020001800062040001800080041000800098082002200106100002200128245008700150250001700237260005100254300002300305650002600328650002100354650002400375650002400399700002500423700001800448OSt20220105135210.0210716s2013 xx 000 0 und d a9781259001857 cAIMIT LIBRARY aeng a001.42 211bCOOD aCooper, Donald R. aBusiness Research Methods.cby Donald R Cooper, Pamela S Schindler and J K Sharma. a11th. ed . - aNew Delhi :bMc Graw Hill Book Company,c2013. axxx,950p. ; 22 cm. aResearch Methodology. aResearch Design. aCollection of Data. aHypothesis Testing. aSchindler, Pamela S. a Sharma, J K.